[Event "Napoli Antica Scuola 2nd"]
[Site "Napoli"]
[Date "2014.04.03"]
[Round "5"]
[White "De Rosa, Francesco"]
[Black "Soave, Vittorio"]
[Result "1/2-1/2"]
[WhiteElo "1917"]
[BlackElo "1626"]
[PlyCount "110"]
[EventDate "2014.03.06"]
[EventType "swiss"]
[EventRounds "7"]
[EventCountry "ITA"]
[SourceTitle "EXT 2015"]
[Source "ChessBase"]
[SourceDate "2014.11.20"]
[SourceVersion "1"]
[SourceVersionDate "2014.11.20"]
[SourceQuality "1"]

1. e4 e6 2. d4 d5 3. Nc3 Nf6 4. Bg5 Be7 5. Bxf6 Bxf6 6. e5 Be7 7. Qg4 0-0 8. Nf3 c5 9. 0-0-0 Nc6 10. dxc5 Bxc5 11. Ne4 Nxe5 12. Nxe5 f5 13. Qe2 fxe4 14. Ng4 Qg5+ 15. Kb1 Qf5 16. Rd2 d4 17. h3 Bd7 18. f3 exf3 19. gxf3 Bc6 20. Ne5 Bxf3 21. Nxf3 Qxf3 22. Qxe6+ Kh8 23. Bg2 Qe3 24. Re2 Qxe6 25. Rxe6 Rf7 26. Re5 Rc8 27. Rhe1 g6 28. Bd5 Rfc7 29. a3 Kg7 30. Re8 Rxe8 31. Rxe8 Rd7 32. Bc4 Kf6 33. Kc1 Be7 34. Rh8 Kf5 35. Kd2 Kf4 36. Kd3 Bg5 37. Bb5 Rc7 38. Bc4 Re7 39. Rf8+ Kg3 40. Kxd4 Kxh3 41. Bd5 Kg4 42. b4 h5 43. Be4 Rg7 44. c4 h4 45. c5 Bf4 46. b5 h3 47. a4 Rh7 48. Bxg6 h2 49. Bf5+ Kg3 50. Rg8+ Kf2 51. Be4 h1Q 52. Bxh1 Rxh1 53. Rf8 Kf3 54. Kd5 Rh5+ 55. Kd4 Kg4 1/2-1/2

[Event "Napoli Porreca Memorial 3rd"]
[Site "Napoli"]
[Date "2013.10.24"]
[Round "5"]
[White "Soave, Vittorio"]
[Black "Baltzopoulos, Giorgos"]
[Result "0-1"]
[WhiteElo "1467"]
[BlackElo "1973"]
[PlyCount "64"]
[EventDate "2013.09.26"]
[EventType "swiss"]
[EventRounds "7"]
[EventCountry "ITA"]
[SourceTitle "EXT 2015"]
[Source "ChessBase"]
[SourceDate "2014.11.20"]
[SourceVersion "1"]
[SourceVersionDate "2014.11.20"]
[SourceQuality "1"]

1. d4 Nf6 2. c4 g6 3. Nc3 d5 4. e3 Bg7 5. Nf3 0-0 6. Be2 c5 7. 0-0 cxd4 8. exd4 Nc6 9. Re1 Be6 10. cxd5 Nxd5 11. Nxd5 Qxd5 12. Be3 Rfd8 13. Rc1 Qxa2 14. Qd2 Qa4 15. Red1 Bb3 16. Ra1 Bxd1 17. Rxa4 Bxa4 18. Bc4 Rac8 19. b3 Ne5 20. Nxe5 Bxe5 21. Qb4 b5 22. Bxb5 Bxb5 23. h3 Rxd4 24. Qe1 Rd3 25. Bxa7 Bf4 26. Be3 Rcd8 27. Bxf4 Rd1 28. Qxd1 Rxd1+ 29. Kh2 Rb1 30. Bg5 f6 31. Be3 Rxb3 32. Bc5 Kf7 0-1